Memoria para informar al Excmo. Ayuntamiento de Madrid sobre las causas de la demolición oficial de las casas núms. 1 y 2 calle del Humilladero, manzana 104, esquina a la plaza de Puerta de Moros : (Record no. 161049)
[ view plain ]
| 000 -LEADER | |
|---|---|
| campo de control de longitud fija | 01222nam a22001935i 4500 |
| 001 - NÚMERO DE CONTROL | |
| campo de control | 161049 |
| 003 - IDENTIFICADOR DE NÚMERO DE CONTROL | |
| campo de control | ES-MaACL |
| 005 - FECHA Y HORA DE LA ÚLTIMA TRANSACCIÓN | |
| campo de control | 20230906212202.0 |
| 008 - DATOS DE LONGITUD FIJA--INFORMACIÓN GENERAL | |
| campo de control de longitud fija | 990607s1846 sp a |||| | spa d |
| 080 ## - NÚMERO DE LA CLASIFICACIÓN DECIMAL UNIVERSAL | |
| Número de la Clasificación Decimal Universal | 351.712.5(460).072.2"18" |
| 100 1# - ENTRADA PRINCIPAL--NOMBRE DE PERSONA | |
| Nombre de persona | Orense, Casimiro de. |
| 9 (RLIN) | 130682 |
| 245 10 - MENCIÓN DEL TÍTULO | |
| Título | Memoria para informar al Excmo. Ayuntamiento de Madrid sobre las causas de la demolición oficial de las casas núms. 1 y 2 calle del Humilladero, manzana 104, esquina a la plaza de Puerta de Moros : |
| Resto del título | motivos de haber lugar al resarcimiento, reparación y compensación de graves perjuicios seguidos con ocasión de haber sido la ley que arregla la policía urbana la que causó su origen y la expropiación forzosa por el ornato público / |
| Mención de responsabilidad, etc. | la escribe como en gran parte interesado el Lic. D. Casimiro de Orense, en favor igualmente de D. Fracisco [sic] Tobar. |
| 260 ## - PUBLICACIÓN, DISTRIBUCIÓN, ETC. | |
| Lugar de publicación, distribución, etc. | Madrid : |
| Nombre del editor, distribuidor, etc. | [s.n.], |
| Fecha de publicación, distribución, etc. | 1846 ( |
| Fabricante | Imp. del Colegio de Sordo-mudos y Ciegos) |
| 300 ## - DESCRIPCIÓN FÍSICA | |
| Extensión | 17, [3] p. : |
| Otras características físicas | il. ; |
| Dimensiones | 31 cm. |
| 599 ## - NOTA A LAS ILUSTRACIONES | |
| NOTA A LAS ILUSTRACIONES | Il. grab. plano xil. |
| 650 #4 - PUNTO DE ACCESO ADICIONAL DE MATERIA--TÉRMINO DE MATERIA | |
| Término de materia o nombre geográfico como elemento de entrada | Expropiación forzosa- |
| Subdivisión geográfica | España. |
| 9 (RLIN) | 159541 |
| 700 1# - ENTRADA AGREGADA--NOMBRE PERSONAL | |
| Nombre de persona | Tobar, Francisco. |
| 9 (RLIN) | 133277 |
| 852 4# - LOCALIZACIÓN | |
| Ubicación | ES-MaACL |
| Número de control de estantería | T-52-F-1 |
| Nota libre | - Enc. hol., falto de cub. original |
| -- | - Enc. en un vol. facticio |
| Estatus retirado | Estado de pérdida | Estado de daño | No para préstamo | Colección | Biblioteca de origen | Biblioteca actual | Ubicación en estantería | Fecha de adquisición | Total de préstamos | Signatura topográfica completa | Código de barras | Visto por última vez | Precio de reemplazo | Tipo de ítem Koha |
|---|---|---|---|---|---|---|---|---|---|---|---|---|---|---|
| Colección de folletos | Biblioteca del Ateneo de Madrid | Biblioteca del Ateneo de Madrid | Depósito folletos | 17/01/2008 | T-52-F-1 | 1168684 | 23/02/2023 | 23/02/2023 | Folleto |
